Koncepčný návrh hybridného pohonu pre diaľkový autobus (Concept design of a hybrid drive for a coach bus) [CD-ROM] : Bakalárska práca

Uložené v:
Podrobná bibliografia
Hlavný autor: Švieda, Jozef, 1987- (Autor)
Ďalší autori: Ferencey, Viktor, 1946- (xxx)
Médium: Rukopis Kniha
Jazyk:Slovak
Vydavateľské údaje: Bratislava : STU v Bratislave SjF, 2009
Vydanie:1.vyd.
Predmet:
Tagy: Pridať tag
Žiadne tagy, Buďte prvý, kto otaguje tento záznam!

MARC

LEADER 00000ntm a22000003a 4500
001 stu202506
005 20150617230108.1
008 100420s2009----xo------------------slo-d
040 |a STU  |b slo 
041 0 |a slo 
044 |a xo 
100 1 |a Švieda, Jozef,  |d 1987-  |4 aut  |u J0030  |9 100  |U SjF Strojnícka fakulta  |T SjF Ústav dopravnej techniky a konštruovania  |X 41038  |U J0030  |Y 806  |7 A000041038 
245 1 |a Koncepčný návrh hybridného pohonu pre diaľkový autobus (Concept design of a hybrid drive for a coach bus) [CD-ROM] :  |b Bakalárska práca 
250 |a 1.vyd. 
260 |a Bratislava :  |b STU v Bratislave SjF,  |c 2009 
300 |a 52 s 
650 7 |a hybrid  |2 stusub 
650 7 |a elektromotor  |2 stusub 
650 7 |a meniče  |2 stusub 
650 7 |a electric motor  |2 estusub 
700 1 |a Ferencey, Viktor,  |d 1946-  |4 xxx  |u J0030  |U SjF Strojnícka fakulta  |T SjF Ústav dopravnej techniky a konštruovania  |X 2209  |U J0030  |Y 806  |7 2209 
996 |b 284J035741  |c J*354/BP  |l JJSK  |s A  |a 24  |w stu202506_0001